000 00650nam a2200253Ia 4500
003 OSt
005 20220928131027.0
006 a|||||r|||| 00| 0
007 ta
008 220927b |||||||| |||| 00| 0 eng d
024 _a39387
037 _cTextual
040 _aSDCL
_cSDCL
_beng
041 _2eng
_aeng
082 _aD65, P7
100 _aGates Earl D
_9476812
245 0 _aIntroduction to electronics.
250 _a5
260 _aAustralia
_bThomson Delmar Learning
_c2007
300 _axxiii,528p.
_ccm.
650 _aElectronic Circuits
942 _hD65, P7
_cTEXL
_2CC
999 _c789282
_d789282